| 000 | 00677nam a2200217 i 4500 | ||
|---|---|---|---|
| 001 | 148611 | ||
| 003 | ES-MaACL | ||
| 005 | 20250824003352.0 | ||
| 007 | t| | ||
| 008 | 070214s1964 sp r ||||1| spa d | ||
| 100 | 1 |
_aStuckenschmidt, H. H. _9108495 |
|
| 245 | 1 | 0 |
_aArnold Schönberh / _cH. H. Stuckenschmidt ; [traducción de Luis de Pablo]. |
| 260 |
_aMadrid : _bRialp, _c1964 ( _fHalar) |
||
| 300 |
_a206 p. ; _c20 cm. |
||
| 490 | 1 |
_aLibros de Música ; _v1 |
|
| 600 | 0 | 4 |
_aSchoenberg, Arnold. _9104609 |
| 700 | 1 |
_aPablo, Luis de, _d1930- _988085 |
|
| 830 | 0 | 0 |
_aLibros de música _v1 _9187513 |
| 852 |
_aES-MaACL _jC-25440 _bR.54180 |
||
| 999 |
_c148611 _d148611 |
||